[Event "Magistral Copa Mercosur 2015"]
[Site "Buenos Aires ARG"]
[Date "2015.06.04"]
[Round "1.1"]
[White "Henriquez Villagra, Cristobal"]
[Black "Slipak, Sergio"]
[Result "1/2-1/2"]
[WhiteElo "2489"]
[BlackElo "2433"]
[PlyCount "124"]
[EventDate "2015.06.04"]
[EventType "tourn"]
[EventRounds "11"]
[EventCountry "ARG"]
[EventCategory "10"]
[Source "lmi"]
[SourceDate "2015.06.04"]

1. e4 e5 2. Nf3 Nf6 3. d4 Nxe4 4. Bd3 d5 5. Nxe5 Be6 6. O-O Nd7 7. Nd2 Nxe5 8.
dxe5 Nxd2 9. Bxd2 Qd7 10. b4 Be7 11. Re1 O-O 12. Qh5 g6 13. Qh6 Rfe8 14. a4 Bf8
15. Qf4 Bg7 16. Bc3 c6 17. h4 b6 18. h5 Qc7 19. h6 Bf8 20. Bd2 c5 21. c3 a5 22.
Bb5 Red8 23. bxa5 bxa5 24. Qh4 d4 25. Bg5 d3 26. Bxd8 Rxd8 27. Rad1 c4 28. Re4
Rc8 29. Ba6 Rb8 30. Qf4 Be7 31. Rxc4 Bxc4 32. Bxc4 Bf8 33. Rxd3 Rb1+ 34. Kh2
Re1 35. g3 Rxe5 36. Rf3 Rh5+ 37. Kg2 Qxf4 38. Rxf4 Rf5 39. Rh4 Rc5 40. Rf4 Rc7
41. Bd5 Bxh6 42. Rf3 Bf8 43. c4 Bc5 44. Rf6 Kg7 45. Ra6 Bb4 46. g4 h6 47. f4 h5
48. gxh5 gxh5 49. f5 f6 50. Kh3 Kh6 51. Ra8 Kg5 52. Be6 Kf4 53. Rh8 Rg7 54.
Rxh5 Rg3+ 55. Kh2 Bd6 56. Rh3 Rxh3+ 57. Kxh3 Ke5 58. Kg4 Kd4 59. Kh5 Kc5 60.
Kg6 Be5 61. Kf7 Bd4 62. Ke7 Be5 1/2-1/2

[Event "Magistral Copa Mercosur 2015"]
[Site "Buenos Aires ARG"]
[Date "2015.06.04"]
[Round "1.2"]
[White "Sosa, Tomas"]
[Black "Della Morte, German"]
[Result "1/2-1/2"]
[WhiteElo "2385"]
[BlackElo "2401"]
[PlyCount "39"]
[EventDate "2015.06.04"]
[EventType "tourn"]
[EventRounds "11"]
[EventCountry "ARG"]
[EventCategory "10"]
[Source "lmi"]
[SourceDate "2015.06.04"]

1. e4 e5 2. Nf3 Nc6 3. Bb5 a6 4. Ba4 Nf6 5. O-O Be7 6. d3 b5 7. Bb3 d6 8. a4 b4
9. a5 O-O 10. Nbd2 Be6 11. Nc4 h6 12. Be3 Rb8 13. h3 Qc8 14. Nfd2 Qb7 15. Qf3
Kh8 16. Qg3 Nh5 17. Qf3 Nf6 18. Qg3 Nh5 19. Qf3 Nf6 20. Qg3 1/2-1/2

[Event "Magistral Copa Mercosur 2015"]
[Site "Buenos Aires ARG"]
[Date "2015.06.04"]
[Round "1.4"]
[White "Valerga, Diego"]
[Black "Barbosa, Evandro Amorim"]
[Result "1-0"]
[WhiteElo "2488"]
[BlackElo "2462"]
[PlyCount "77"]
[EventDate "2015.06.04"]
[EventType "tourn"]
[EventRounds "11"]
[EventCountry "ARG"]
[EventCategory "10"]
[Source "lmi"]
[SourceDate "2015.06.04"]

1. d4 Nf6 2. c4 g6 3. Nc3 d5 4. Bg5 Ne4 5. Bh4 Nxc3 6. bxc3 dxc4 7. e3 Be6 8.
Nf3 Bg7 9. Rb1 Nd7 10. Ng5 Bd5 11. e4 h6 12. exd5 hxg5 13. Bxg5 Nb6 14. Bxc4
Qd6 15. Qe2 Nxc4 16. Qxc4 O-O-O 17. Rb5 Rh5 18. h4 Bf6 19. Bxf6 Qxf6 20. Rh3 a6
21. Rc5 Rd7 22. Rf3 Rf5 23. d6 exd6 24. Rcxf5 gxf5 25. g3 Re7+ 26. Kf1 Qg6 27.
Qd5 f4 28. Rxf4 Qd3+ 29. Kg2 Kb8 30. Qf3 Qc4 31. Re4 Rxe4 32. Qxe4 Qxa2 33. h5
Qd2 34. Qe3 Qc2 35. Qe8+ Ka7 36. Qxf7 a5 37. h6 Qe4+ 38. Kh2 Qg4 39. h7 1-0

[Event "Magistral Copa Mercosur 2015"]
[Site "Buenos Aires ARG"]
[Date "2015.06.04"]
[Round "1.5"]
[White "Quesada Perez, Yuniesky"]
[Black "Rodriguez Vila, Andres"]
[Result "1-0"]
[WhiteElo "2647"]
[BlackElo "2469"]
[PlyCount "65"]
[EventDate "2015.06.04"]
[EventType "tourn"]
[EventRounds "11"]
[EventCountry "ARG"]
[EventCategory "10"]
[Source "lmi"]
[SourceDate "2015.06.04"]

1. e4 e6 2. d4 d5 3. Nc3 Bb4 4. e5 Ne7 5. a3 Bxc3+ 6. bxc3 c5 7. h4 Qc7 8. Nf3
Nd7 9. h5 Nb6 10. h6 g6 11. Bg5 Na4 12. Qd2 cxd4 13. Bf6 O-O 14. cxd4 Re8 15.
Bd3 Nc3 16. Bxe7 Rxe7 17. Qg5 Ne4 18. Bxe4 Qc3+ 19. Ke2 f6 20. exf6 dxe4 21.
fxe7 exf3+ 22. gxf3 Qc4+ 23. Ke1 Kf7 24. Rh4 Qc3+ 25. Ke2 e5 26. dxe5 Qxc2+ 27.
Kf1 Ke8 28. Rd4 Bh3+ 29. Kg1 Qc7 30. Rc1 Qxe7 31. Qxe7+ Kxe7 32. Rc7+ Ke6 33.
f4 1-0

[Event "Magistral Copa Mercosur 2015"]
[Site "Buenos Aires ARG"]
[Date "2015.06.04"]
[Round "1.6"]
[White "Mekhitarian, Krikor Sevag"]
[Black "Villanueva, Mario"]
[Result "1/2-1/2"]
[WhiteElo "2570"]
[BlackElo "2436"]
[PlyCount "92"]
[EventDate "2015.06.04"]
[EventType "tourn"]
[EventRounds "11"]
[EventCountry "ARG"]
[EventCategory "10"]
[Source "lmi"]
[SourceDate "2015.06.04"]

1. d4 Nf6 2. c4 g6 3. Nf3 Bg7 4. g3 O-O 5. Bg2 d6 6. O-O Nc6 7. Nc3 Bf5 8. Be3
Qd7 9. d5 Na5 10. b3 Bh3 11. Qd3 Bxg2 12. Kxg2 c5 13. Bd2 a6 14. e4 b5 15. Rab1
Rab8 16. e5 Ng4 17. exd6 exd6 18. Ne4 Nb7 19. Rfe1 h6 20. h3 Ne5 21. Nxe5 dxe5
22. Be3 Rbc8 23. f3 f5 24. Nd2 Nd6 25. Bg1 Rfe8 26. Re2 h5 27. Rbe1 Bf6 28. g4
hxg4 29. hxg4 Re7 30. Bh2 Rce8 31. Kh1 Rh7 32. Rg2 Kf7 33. Kg1 Reh8 34. Ree2
bxc4 35. Nxc4 e4 36. fxe4 Bd4+ 37. Kf1 Nxe4 38. Rxe4 fxe4 39. Qxe4 Rxh2 40.
Rxh2 Rxh2 41. Qf4+ Kg7 42. Qxh2 Qxg4 43. Qc7+ Kh6 44. Qh2+ Kg7 45. Qc7+ Kh6 46.
Qh2+ Kg7 1/2-1/2

[Event "Magistral Copa Mercosur 2015"]
[Site "Buenos Aires ARG"]
[Date "2015.06.05"]
[Round "2.1"]
[White "Slipak, Sergio"]
[Black "Villanueva, Mario"]
[Result "0-1"]
[WhiteElo "2433"]
[BlackElo "2436"]
[PlyCount "90"]
[EventDate "2015.06.04"]
[EventType "tourn"]
[EventRounds "11"]
[EventCountry "ARG"]
[EventCategory "10"]
[Source "lmi"]
[SourceDate "2015.06.04"]

1. d4 Nf6 2. c4 g6 3. g3 Bg7 4. Bg2 O-O 5. Nc3 Nc6 6. e3 d6 7. Nge2 e5 8. h3 h5
9. O-O exd4 10. Nxd4 Ne5 11. b3 a6 12. f4 Ned7 13. e4 Re8 14. Re1 Rb8 15. a4
Nc5 16. Ba3 h4 17. Bxc5 dxc5 18. Nde2 Nh5 19. Qxd8 Rxd8 20. Rad1 Be6 21. e5
hxg3 22. Ne4 b6 23. N4xg3 Nxg3 24. Nxg3 Bh6 25. Ne2 Bf5 26. Nc3 Rxd1 27. Rxd1
Bxf4 28. Nd5 Bg5 29. Nxc7 Bc2 30. Rd7 Rd8 31. e6 Rxd7 32. exd7 Bxb3 33. Nxa6
Bxc4 34. a5 Bd8 35. Bf1 Bxa6 36. Bxa6 bxa5 37. Bb5 f5 38. Kf2 Kf7 39. Ke3 Ke6
40. Kd3 g5 41. Kc4 Kd6 42. Ba4 g4 43. hxg4 fxg4 44. Kd3 c4+ 45. Ke4 Kc5 0-1

[Event "Magistral Copa Mercosur 2015"]
[Site "Buenos Aires ARG"]
[Date "2015.06.05"]
[Round "2.2"]
[White "Rodriguez Vila, Andres"]
[Black "Mekhitarian, Krikor Sevag"]
[Result "1/2-1/2"]
[WhiteElo "2469"]
[BlackElo "2570"]
[PlyCount "120"]
[EventDate "2015.06.04"]
[EventType "tourn"]
[EventRounds "11"]
[EventCountry "ARG"]
[EventCategory "10"]
[Source "lmi"]
[SourceDate "2015.06.04"]

1. e4 e5 2. Nf3 Nc6 3. Bc4 Bc5 4. c3 Nf6 5. d4 exd4 6. cxd4 Bb4+ 7. Nbd2 Nxe4
8. d5 Ne7 9. O-O Nf6 10. Qb3 Bd6 11. Ng5 O-O 12. Nde4 Nxe4 13. Nxe4 Be5 14. d6
cxd6 15. Bg5 h6 16. Bh4 d5 17. Bxd5 d6 18. f4 Bd4+ 19. Kh1 Qd7 20. Bxe7 Qxe7
21. Rae1 Bf5 22. g4 Be6 23. g5 Rae8 24. f5 Bxd5 25. Qxd5 Be5 26. Rg1 hxg5 27.
Rxg5 Bxb2 28. Qd2 Bf6 29. Nxf6+ Qxf6 30. Reg1 Re5 31. Rxg7+ Qxg7 32. Rxg7+ Kxg7
33. f6+ Kg6 34. Qd3+ Rf5 35. Qg3+ Rg5 36. Qd3+ Kxf6 37. Qxd6+ Kg7 38. Qd4+ f6
39. h4 Re5 40. Qxa7 Rf7 41. Kg2 Kg6 42. Qa4 Rfe7 43. Qg4+ Kh7 44. Qf4 R7e6 45.
a4 b6 46. Kf3 Rc5 47. Qd4 Rce5 48. Kf4 Kg6 49. Qd3+ Kh6 50. Qd4 Re1 51. Kf3
Rf1+ 52. Kg3 Rfe1 53. Qf4+ Kg7 54. Qg4+ Kf7 55. Kf3 R1e3+ 56. Kf2 R3e4 57. Qg3
Rxa4 58. Kf1 Ra1+ 59. Kf2 Ra2+ 60. Kf1 Ra1+ 1/2-1/2

[Event "Magistral Copa Mercosur 2015"]
[Site "Buenos Aires ARG"]
[Date "2015.06.05"]
[Round "2.3"]
[White "Barbosa, Evandro Amorim"]
[Black "Quesada Perez, Yuniesky"]
[Result "0-1"]
[WhiteElo "2462"]
[BlackElo "2647"]
[PlyCount "52"]
[EventDate "2015.06.04"]
[EventType "tourn"]
[EventRounds "11"]
[EventCountry "ARG"]
[EventCategory "10"]
[Source "lmi"]
[SourceDate "2015.06.04"]

1. e4 e5 2. Nf3 Nc6 3. d4 exd4 4. Nxd4 Bc5 5. Nb3 Bb6 6. Nc3 Nf6 7. Qe2 O-O 8.
Bg5 Nd4 9. Qd2 Nxb3 10. axb3 Re8 11. O-O-O h6 12. h4 c6 13. Bc4 d6 14. f3 d5
15. Bxf6 Qxf6 16. Bd3 d4 17. Ne2 a5 18. Qf4 Qe7 19. Bc4 a4 20. Nxd4 axb3 21.
Nxb3 Ra4 22. Bd3 Be6 23. g4 Rea8 24. Kd2 c5 25. Bb5 Rb4 26. Ra1 Rd8+ 0-1

[Event "Magistral Copa Mercosur 2015"]
[Site "Buenos Aires ARG"]
[Date "2015.06.05"]
[Round "2.4"]
[White "Spangenberg, Hugo"]
[Black "Valerga, Diego"]
[Result "1/2-1/2"]
[WhiteElo "2487"]
[BlackElo "2488"]
[PlyCount "43"]
[EventDate "2015.06.04"]
[EventType "tourn"]
[EventRounds "11"]
[EventCountry "ARG"]
[EventCategory "10"]
[Source "lmi"]
[SourceDate "2015.06.04"]

1. e4 c5 2. Nf3 d6 3. d4 cxd4 4. Nxd4 Nf6 5. Nc3 Nc6 6. g3 Nxd4 7. Qxd4 g6 8.
Bg2 Bg7 9. O-O O-O 10. a4 Qa5 11. Nb5 Be6 12. Bd2 Qd8 13. Qb4 a5 14. Qa3 Nd7
15. Be3 Bc4 16. Rfd1 Bxb5 17. axb5 Qc7 18. c3 Nb6 19. b3 a4 20. Rdc1 axb3 21.
Qxb3 Rfc8 22. Rxa8 1/2-1/2

[Event "Magistral Copa Mercosur 2015"]
[Site "Buenos Aires ARG"]
[Date "2015.06.05"]
[Round "2.5"]
[White "Della Morte, German"]
[Black "Pichot, Alan"]
[Result "0-1"]
[WhiteElo "2401"]
[BlackElo "2492"]
[PlyCount "96"]
[EventDate "2015.06.04"]
[EventType "tourn"]
[EventRounds "11"]
[EventCountry "ARG"]
[EventCategory "10"]
[Source "lmi"]
[SourceDate "2015.06.04"]

1. e4 c5 2. Nf3 e6 3. d4 cxd4 4. Nxd4 a6 5. Bd3 Qb6 6. c3 Nc6 7. O-O d6 8. Be3
Qc7 9. Nxc6 bxc6 10. Nd2 Nf6 11. Nc4 Rb8 12. Qa4 Ng4 13. Bf4 e5 14. Bd2 Be7 15.
Na5 Bd7 16. b4 Nf6 17. Qc2 Ra8 18. c4 O-O 19. a4 Rfc8 20. c5 d5 21. Rae1 Be6
22. Bc3 h6 23. exd5 Nxd5 24. Bc4 Bf6 25. Bd2 Rcb8 26. Rb1 Qd7 27. Rfd1 Bd8 28.
Nb3 Bc7 29. Be1 Bg4 30. Be2 Qe6 31. Nc1 Bf5 32. Bd3 e4 33. Bc4 Qg6 34. Ne2 Rd8
35. Bxd5 e3 36. Qb3 Bxb1 37. Bxf7+ Qxf7 38. Qxf7+ Kxf7 39. Rxb1 exf2+ 40. Kxf2
Rd3 41. g3 Be5 42. Rc1 Ke6 43. Kg2 Rad8 44. Rc4 Rd1 45. Bc3 Bxc3 46. Rxc3 R1d2
47. Re3+ Kf7 48. Kh3 g5 0-1

[Event "Magistral Copa Mercosur 2015"]
[Site "Buenos Aires ARG"]
[Date "2015.06.05"]
[Round "2.6"]
[White "Henriquez Villagra, Cristobal"]
[Black "Sosa, Tomas"]
[Result "1-0"]
[WhiteElo "2489"]
[BlackElo "2385"]
[PlyCount "77"]
[EventDate "2015.06.04"]
[EventType "tourn"]
[EventRounds "11"]
[EventCountry "ARG"]
[EventCategory "10"]
[Source "lmi"]
[SourceDate "2015.06.04"]

1. Nf3 Nf6 2. d4 g6 3. Bf4 Bg7 4. e3 O-O 5. c4 d6 6. Nc3 Nbd7 7. h3 b6 8. Be2
Bb7 9. O-O Ne4 10. Nxe4 Bxe4 11. Bh2 c5 12. Qd2 Bb7 13. Rfd1 a6 14. b4 Ra7 15.
Rab1 Be4 16. Rb3 Qa8 17. Ne1 Bc6 18. Ra3 Rb8 19. Rb1 Nf6 20. d5 Bd7 21. f3 cxb4
22. Rxb4 b5 23. e4 a5 24. Rxb5 Bxb5 25. cxb5 Nd7 26. Kh1 a4 27. Bg1 Rc7 28. Qd1
Rbc8 29. Rxa4 Qb8 30. Be3 Nb6 31. Ra6 Nc4 32. Bxc4 Rxc4 33. a4 Rc3 34. Bd2 Ra3
35. Rc6 Qb7 36. Qc1 Rxc6 37. dxc6 Qb6 38. c7 Rc3 39. c8=Q+ 1-0

[Event "Magistral Copa Mercosur 2015"]
[Site "Buenos Aires ARG"]
[Date "2015.06.04"]
[Round "1.3"]
[White "Pichot, Alan"]
[Black "Spangenberg, Hugo"]
[Result "1-0"]
[WhiteElo "2492"]
[BlackElo "2487"]
[PlyCount "85"]
[EventDate "2015.06.04"]
[EventType "tourn"]
[EventRounds "11"]
[EventCountry "ARG"]
[EventCategory "10"]
[Source "lmi"]
[SourceDate "2015.06.04"]

1. e4 c5 2. Nf3 Nc6 3. Nc3 g6 4. Bb5 Bg7 5. O-O e5 6. Bxc6 bxc6 7. a3 a5 8. d3
d6 9. Be3 Nf6 10. h3 O-O 11. Nd2 Nh5 12. Ne2 g5 13. Ng3 Nf4 14. Nc4 a4 15. Nf5
Bxf5 16. exf5 Rb8 17. g3 Nxh3+ 18. Kg2 Nf4+ 19. gxf4 gxf4 20. Qg4 fxe3 21. fxe3
f6 22. Rab1 Rf7 23. Rh1 Rfb7 24. Kf3 d5 25. Nd2 Rxb2 26. Rbg1 R8b7 27. Qxa4 Qd7
28. Rh5 c4 29. Qa5 cxd3 30. cxd3 c5 31. Rg2 Qe8 32. Rh4 Qd7 33. Rh5 Qe8 34. Rh6
Kh8 35. Rh3 Qd7 36. Kg4 Bh6 37. Rhg3 Bg5 38. e4 Bxd2 39. Rxd2 Rxd2 40. Qa8+ Kg7
41. Kh5+ Kf7 42. Qg8+ Ke7 43. Rg7+ 1-0

[Event "Magistral Copa Mercosur 2015"]
[Site "Buenos Aires ARG"]
[Date "2015.06.06"]
[Round "3.1"]
[White "Sosa, Tomas"]
[Black "Slipak, Sergio"]
[Result "1/2-1/2"]
[WhiteElo "2385"]
[BlackElo "2433"]
[PlyCount "40"]
[EventDate "2015.06.04"]
[EventType "tourn"]
[EventRounds "11"]
[EventCountry "ARG"]
[EventCategory "10"]
[Source "lmi"]
[SourceDate "2015.06.04"]

1. e4 e5 2. Nf3 Nc6 3. Bb5 Nf6 4. d3 d6 5. c3 Bd7 6. Nbd2 g6 7. Nf1 Bg7 8. Ng3
O-O 9. h3 Kh8 10. O-O Ng8 11. Ba4 Qe8 12. Re1 f5 13. exf5 gxf5 14. d4 f4 15.
Ne4 Nxd4 16. cxd4 Bxa4 17. b3 Bc6 18. dxe5 dxe5 19. Bb2 Rd8 20. Qe2 Rf5 1/2-1/2

[Event "Magistral Copa Mercosur 2015"]
[Site "Buenos Aires ARG"]
[Date "2015.06.06"]
[Round "3.2"]
[White "Pichot, Alan"]
[Black "Henriquez Villagra, Cristobal"]
[Result "1-0"]
[WhiteElo "2492"]
[BlackElo "2489"]
[PlyCount "101"]
[EventDate "2015.06.04"]
[EventType "tourn"]
[EventRounds "11"]
[EventCountry "ARG"]
[EventCategory "10"]
[Source "lmi"]
[SourceDate "2015.06.04"]

1. e4 c5 2. Nf3 Nc6 3. d4 cxd4 4. Nxd4 Nf6 5. Nc3 d6 6. Bc4 Qb6 7. Nb3 e6 8.
Bf4 Ne5 9. Be2 a6 10. Be3 Qc7 11. f4 Nc4 12. Bxc4 Qxc4 13. Qf3 Qc7 14. g4 h6
15. h4 h5 16. g5 Ng4 17. O-O-O b5 18. a3 Bb7 19. f5 Rc8 20. Bd4 e5 21. Bg1 a5
22. Qd3 b4 23. axb4 axb4 24. Nd5 Bxd5 25. exd5 Be7 26. Qb5+ Qd7 27. Qxd7+ Kxd7
28. Na5 f6 29. gxf6 Bxf6 30. Nc6 Rxc6 31. dxc6+ Kxc6 32. Rh3 d5 33. Rb3 Rb8 34.
Kb1 Bxh4 35. Rh3 Bf6 36. Rxh5 d4 37. Rd2 Kd5 38. Rg2 Nh6 39. Bf2 b3 40. c3 Nf7
41. cxd4 exd4 42. Rxg7 Ne5 43. Rg3 d3 44. Be1 Rc8 45. Bc3 Ke4 46. Rh1 Nf3 47.
Rxf3 Rxc3 48. bxc3 Kxf3 49. Kb2 Ke4 50. Kxb3 Kxf5 51. Rd1 1-0

[Event "Magistral Copa Mercosur 2015"]
[Site "Buenos Aires ARG"]
[Date "2015.06.06"]
[Round "3.3"]
[White "Valerga, Diego"]
[Black "Della Morte, German"]
[Result "1/2-1/2"]
[WhiteElo "2488"]
[BlackElo "2401"]
[PlyCount "42"]
[EventDate "2015.06.04"]
[EventType "tourn"]
[EventRounds "11"]
[EventCountry "ARG"]
[EventCategory "10"]
[Source "lmi"]
[SourceDate "2015.06.04"]

1. d4 d5 2. c4 c6 3. Nf3 Nf6 4. Nc3 dxc4 5. a4 Bf5 6. Ne5 Nbd7 7. Nxc4 Qc7 8.
Bg5 e5 9. e3 Be7 10. Bd3 Be6 11. O-O O-O 12. Bh4 exd4 13. Bg3 Qd8 14. exd4 Nb6
15. Ne5 a5 16. Re1 Nbd5 17. Rc1 Re8 18. Bb1 Qb6 19. Nc4 Qd8 20. Ne5 Qb6 21. Nc4
Qd8 1/2-1/2

[Event "Magistral Copa Mercosur 2015"]
[Site "Buenos Aires ARG"]
[Date "2015.06.06"]
[Round "3.4"]
[White "Quesada Perez, Yuniesky"]
[Black "Spangenberg, Hugo"]
[Result "1-0"]
[WhiteElo "2647"]
[BlackElo "2487"]
[PlyCount "97"]
[EventDate "2015.06.04"]
[EventType "tourn"]
[EventRounds "11"]
[EventCountry "ARG"]
[EventCategory "10"]
[Source "lmi"]
[SourceDate "2015.06.04"]

1. e4 c5 2. Nf3 Nc6 3. Bb5 g6 4. Bxc6 dxc6 5. d3 Bg7 6. h3 Nf6 7. O-O Nd7 8.
Nc3 O-O 9. a3 b5 10. Be3 a5 11. Qd2 a4 12. Bh6 e5 13. Bxg7 Kxg7 14. b3 axb3 15.
cxb3 Qe7 16. Ne2 Bb7 17. Rfc1 Ra6 18. Qc2 Qd6 19. Ng3 Rd8 20. a4 Raa8 21. Ra2
Ba6 22. Ne1 Rab8 23. Nf1 Rb7 24. Ne3 f6 25. Qc3 Rbb8 26. Kh2 b4 27. Qc2 Rb7 28.
Nc4 Qe7 29. g3 Ra7 30. f4 Bxc4 31. Qxc4 Ra5 32. Rf2 Nf8 33. f5 gxf5 34. exf5
Rd4 35. Qc2 Nd7 36. Nf3 Rd5 37. Nd2 Ra8 38. Ne4 Kh8 39. Rf3 Qg7 40. g4 Qh6 41.
Rg1 Rg8 42. Rg2 Qf8 43. Qf2 Rd4 44. g5 fxg5 45. Nxg5 Qf6 46. Rfg3 Ra8 47. Ne4
Qh6 48. f6 Rxe4 49. f7 1-0

[Event "Magistral Copa Mercosur 2015"]
[Site "Buenos Aires ARG"]
[Date "2015.06.06"]
[Round "3.5"]
[White "Mekhitarian, Krikor Sevag"]
[Black "Barbosa, Evandro Amorim"]
[Result "1/2-1/2"]
[WhiteElo "2570"]
[BlackElo "2462"]
[PlyCount "91"]
[EventDate "2015.06.04"]
[EventType "tourn"]
[EventRounds "11"]
[EventCountry "ARG"]
[EventCategory "10"]
[Source "lmi"]
[SourceDate "2015.06.04"]

1. e4 c5 2. Nf3 e6 3. d4 cxd4 4. Nxd4 Nc6 5. Nc3 Qc7 6. Be3 a6 7. g4 b5 8. Nxc6
Qxc6 9. a3 Bb7 10. Qd2 Rc8 11. f3 Nf6 12. g5 Nh5 13. Bh3 b4 14. axb4 Bxb4 15.
Bg4 g6 16. Qd4 Bxc3+ 17. Qxc3 Qxc3+ 18. bxc3 O-O 19. Kd2 f5 20. exf5 exf5 21.
Bxh5 gxh5 22. Rhb1 Bc6 23. Rxa6 Bxf3 24. Rd6 Rf7 25. Bd4 Be4 26. Bf6 Rc7 27.
Rb5 Rc8 28. h4 Rc7 29. Ke3 Rc8 30. Kf4 Bxc2 31. Rb2 Be4 32. Rb4 Re8 33. Rb5 Bc6
34. Re5 Rxe5 35. Bxe5 Re7 36. Kxf5 Bf3 37. Rb6 Bg4+ 38. Kf4 Kf7 39. Rd6 Be6 40.
Bd4 Re8 41. Rb6 Ra8 42. Rb2 Kg6 43. Ke5 Re8 44. Rb6 Kf7 45. Kf4 Kg6 46. Ke5
1/2-1/2

[Event "Magistral Copa Mercosur 2015"]
[Site "Buenos Aires ARG"]
[Date "2015.06.06"]
[Round "3.6"]
[White "Villanueva, Mario"]
[Black "Rodriguez Vila, Andres"]
[Result "1-0"]
[WhiteElo "2436"]
[BlackElo "2469"]
[PlyCount "127"]
[EventDate "2015.06.04"]
[EventType "tourn"]
[EventRounds "11"]
[EventCountry "ARG"]
[EventCategory "10"]
[Source "lmi"]
[SourceDate "2015.06.04"]

1. e4 c5 2. Nf3 Nc6 3. d4 cxd4 4. Nxd4 g6 5. Nc3 Bg7 6. Be3 Nf6 7. Bc4 O-O 8.
Bb3 b6 9. f3 Bb7 10. Qd2 Ne5 11. O-O-O Qc8 12. Bh6 Nc4 13. Qg5 Bxh6 14. Qxh6
Kh8 15. h4 Rg8 16. h5 Rg7 17. hxg6 fxg6 18. Rh4 Ng8 19. Qg5 a6 20. Rdh1 Qc5 21.
Qxc5 bxc5 22. Ne6 dxe6 23. Bxc4 e5 24. Na4 g5 25. R4h2 Rc8 26. Nb6 Rd8 27. Be6
Nf6 28. Nc4 Bc8 29. Bxc8 Rxc8 30. Nxe5 c4 31. b3 c3 32. g4 Rc5 33. Nc4 Nd7 34.
Rd1 Nf8 35. Rd3 Ng6 36. Rxc3 Rf7 37. Kb2 Kg7 38. Nd2 Rxc3 39. Kxc3 e6 40. Kd4
Rd7+ 41. Ke3 Nf4 42. a4 Rd8 43. Rh1 Ng2+ 44. Ke2 Nf4+ 45. Kd1 Ng6 46. b4 Ne5
47. Ke2 Rc8 48. c4 Nxc4 49. Nxc4 Rxc4 50. Rb1 Kf6 51. b5 axb5 52. axb5 Rc7 53.
b6 Rb7 54. Kd3 Ke7 55. Kc4 Kd7 56. Kc5 Kc8 57. Kd6 Rd7+ 58. Kxe6 Rd3 59. Rf1
Rb3 60. Kf6 h6 61. e5 Kd7 62. Kf7 Rxb6 63. e6+ Rxe6 64. Rd1+ 1-0

[Event "Magistral Copa Mercosur 2015"]
[Site "Buenos Aires ARG"]
[Date "2015.06.07"]
[Round "4.1"]
[White "Slipak, Sergio"]
[Black "Rodriguez Vila, Andres"]
[Result "1/2-1/2"]
[WhiteElo "2433"]
[BlackElo "2469"]
[PlyCount "24"]
[EventDate "2015.06.04"]
[EventType "tourn"]
[EventRounds "11"]
[EventCountry "ARG"]
[EventCategory "10"]
[Source "lmi"]
[SourceDate "2015.06.04"]

1. Nf3 Nf6 2. d4 d5 3. c4 c6 4. e3 e6 5. Bd3 Nbd7 6. O-O Bd6 7. Nc3 O-O 8. e4
dxc4 9. Bxc4 e5 10. Bg5 h6 11. Bh4 Qe7 12. d5 c5 1/2-1/2

[Event "Magistral Copa Mercosur 2015"]
[Site "Buenos Aires ARG"]
[Date "2015.06.07"]
[Round "4.2"]
[White "Barbosa, Evandro Amorim"]
[Black "Villanueva, Mario"]
[Result "1/2-1/2"]
[WhiteElo "2462"]
[BlackElo "2436"]
[PlyCount "61"]
[EventDate "2015.06.04"]
[EventType "tourn"]
[EventRounds "11"]
[EventCountry "ARG"]
[EventCategory "10"]
[Source "lmi"]
[SourceDate "2015.06.04"]

1. e4 e5 2. Nf3 Nc6 3. d4 exd4 4. Nxd4 Nf6 5. Nxc6 bxc6 6. e5 Qe7 7. Qe2 Nd5 8.
Nd2 Rb8 9. c4 Nf4 10. Qe3 Ng6 11. f4 f6 12. Qxa7 Rb7 13. Qf2 fxe5 14. f5 Nf4
15. g3 Nh5 16. a3 d5 17. b4 g6 18. Bh3 gxf5 19. Bxf5 Nf4 20. gxf4 Bxf5 21. Bb2
Bg7 22. O-O-O O-O 23. Qe3 c5 24. cxd5 cxb4 25. Rhg1 Bg6 26. fxe5 bxa3 27. Bxa3
Qxe5 28. Qxe5 Bxe5 29. Rxg6+ hxg6 30. Bxf8 Kxf8 31. Nf3 1/2-1/2

[Event "Magistral Copa Mercosur 2015"]
[Site "Buenos Aires ARG"]
[Date "2015.06.07"]
[Round "4.3"]
[White "Spangenberg, Hugo"]
[Black "Mekhitarian, Krikor Sevag"]
[Result "1/2-1/2"]
[WhiteElo "2487"]
[BlackElo "2570"]
[PlyCount "188"]
[EventDate "2015.06.04"]
[EventType "tourn"]
[EventRounds "11"]
[EventCountry "ARG"]
[EventCategory "10"]
[Source "lmi"]
[SourceDate "2015.06.04"]

1. e4 c5 2. Nf3 d6 3. d4 cxd4 4. Nxd4 Nf6 5. Nc3 Nc6 6. g3 g6 7. Bg2 Nxd4 8.
Qxd4 Bg7 9. O-O O-O 10. a4 Be6 11. Qb4 a5 12. Qxb7 Nd7 13. Qb5 Rc8 14. Rd1 Ne5
15. Qe2 Nc4 16. Rb1 Nxb2 17. Bxb2 Bxc3 18. e5 Ba2 19. exd6 exd6 20. Bxc3 Bxb1
21. Qd2 Ba2 22. Bxa5 Qf6 23. c3 Bb3 24. Ra1 Rfe8 25. Bb4 d5 26. a5 Bc4 27. h4
Re2 28. Qd4 Qxd4 29. cxd4 Rb2 30. Bc5 Ra8 31. Re1 Rxa5 32. Re8+ Kg7 33. Bf8+
Kf6 34. Be7+ Kg7 35. Bf8+ Kf6 36. Be7+ Ke6 37. Bc5+ Kd7 38. Re7+ Kc6 39. Rxf7
Ra1+ 40. Kh2 Raa2 41. Kg1 Rb1+ 42. Kh2 Rb7 43. Rf6+ Kb5 44. g4 Ra6 45. g5 Rc6
46. Kg3 Rxc5 47. dxc5 Kxc5 48. Bf3 Rb3 49. Kf4 d4 50. Rf8 Rb2 51. Rh8 Rxf2 52.
Kg3 Rb2 53. Rxh7 d3 54. Rd7 d2 55. h5 gxh5 56. g6 Rb3 57. Rxd2 h4+ 58. Kg4 Rb8
59. Kg5 h3 60. g7 Be6 61. Kf6 Bg8 62. Rh2 Kd6 63. Bg4 Rb4 64. Rd2+ Kc5 65. Bxh3
Rf4+ 66. Ke5 Rf3 67. Rc2+ Kb6 68. Bf5 Rg3 69. Kf6 Rf3 70. Rh2 Rf1 71. Rh8 Ba2
72. Ra8 Bc4 73. Rb8+ Ka7 74. Rc8 Bb3 75. Rf8 Rg1 76. Bg6 Rf1+ 77. Ke7 Re1+ 78.
Kd7 Rd1+ 79. Kc6 Rc1+ 80. Kb5 Rc7 81. Be4 Bc4+ 82. Ka5 Rc5+ 83. Kb4 Rc7 84.
Ra8+ Kb6 85. Rb8+ Ka7 86. Ra8+ Kb6 87. Rb8+ Ka7 88. g8=Q Bxg8 89. Rxg8 Re7 90.
Bd5 Kb6 91. Rg6+ Kc7 92. Kc5 Kd7 93. Ra6 Kc7 94. Ra8 Kd7 1/2-1/2

[Event "Magistral Copa Mercosur 2015"]
[Site "Buenos Aires ARG"]
[Date "2015.06.07"]
[Round "4.4"]
[White "Della Morte, German"]
[Black "Quesada Perez, Yuniesky"]
[Result "1/2-1/2"]
[WhiteElo "2401"]
[BlackElo "2647"]
[PlyCount "24"]
[EventDate "2015.06.04"]
[EventType "tourn"]
[EventRounds "11"]
[EventCountry "ARG"]
[EventCategory "10"]
[Source "lmi"]
[SourceDate "2015.06.04"]

1. e4 e5 2. Nf3 Nc6 3. Bc4 Bc5 4. c3 Nf6 5. d3 d6 6. Nbd2 a6 7. Bb3 O-O 8. O-O
h6 9. Re1 Be6 10. Nf1 Bxb3 11. Qxb3 Qd7 12. Be3 Bxe3 1/2-1/2